Kórejská otázka
Geopolitické postavenie Kórejského polostrova. Kórejská vojna (1950). Ideológia "Čučche". Obdobie od kórejskej vojny po súčasnosť. Zjednocovanie rozdelených krajín.
Gespeichert in:
| 1. Verfasser: | |
|---|---|
| Format: | Buchkapitel |
| Sprache: | Slowakisch |
| Schlagworte: | |
| Tags: |
Keine Tags, Fügen Sie das erste Tag hinzu!
|
MARC
| LEADER | 00000naa$a2200000$$$4500 | ||
|---|---|---|---|
| 001 | 0038276 | ||
| 005 | 20240502071459.0 | ||
| 041 | 0 | |a slo | |
| 044 | |a SK | ||
| 245 | 1 | 0 | |a Kórejská otázka |c Peter Greguš |
| 520 | |a Geopolitické postavenie Kórejského polostrova. Kórejská vojna (1950). Ideológia "Čučche". Obdobie od kórejskej vojny po súčasnosť. Zjednocovanie rozdelených krajín. | ||
| 610 | 2 | 0 | |a Kórea |
| 610 | 2 | 0 | |a geopolitika |
| 610 | 2 | 0 | |a vojny |
| 610 | 2 | 0 | |a konflikty medzinárodné |
| 610 | 2 | 0 | |a vývoj politický |
| 610 | 2 | 0 | |a vzťahy politické medzinárodné |
| 610 | 2 | 0 | |a Južná Kórea |
| 100 | 1 | |a Greguš, Peter | |